书目信息 |
| 题名: |
陕甘宁边区社会经济史
|
|
| 作者: | 黄正林 著 | |
| 分册: | ||
| 出版信息: | 北京 人民出版社 2006 |
|
| 页数: | 674页 | |
| 开本: | 21cm | |
| 丛书名: | ||
| 单 册: | ||
| 中图分类: | K269.506 | |
| 科图分类: | ||
| 主题词: | TSSF--206074914--206074905--206074898--K269.506--3 , 陕甘宁抗日根据地--史料--1937-1945 | |
| 电子资源: | ||
| ISBN: | 7-01-005237-9 | |
| 000 | 00959nam0 2200241 450 | |
| 005 | 20070109150604.85 | |
| 010 | @a7-01-005237-9@dCNY45.00 | |
| 100 | @a20060829d2006 ekmy0chiy0120 ea | |
| 101 | 0 | @achi |
| 102 | @aCN@b110000 | |
| 105 | @aa z 000yy | |
| 200 | 1 | @a陕甘宁边区社会经济史@AShan Gan Ning Bian Qu She Hui Jing Ji Shi@e1937~1945@f黄正林著@FHuang Zheng Lin Zhu |
| 210 | @a北京@c人民出版社@d2006 | |
| 215 | @a674页@c图@d21cm | |
| 320 | @a有书目和索引 | |
| 330 | @a陕甘宁边区是第二次国内革命战争时期中国共产党保留下来的唯一的根据地,1935年10月,长征北上的中国共产党人把革命的大本营安放在陕甘宁边区。此后的13年历经抗日战争和解放战争,成为中国共产党走向成熟的重要时期。 | |
| 517 | 1 | @a1937~1945 |
| 606 | @aTSSF@b206074914@b206074905@b206074898@dK269.506@f3 | |
| 606 | 0 | @a陕甘宁抗日根据地@x史料@z1937-1945 |
| 690 | @aK269.506@v4 | |
| 701 | 0 | @a黄正林@AHuang Zheng Lin@4著 |
| 801 | 0 | @aCN@b中图数据@c20070109 |
| 905 | @a10447@dK269.506@e47 | |
| 陕甘宁边区社会经济史:1937~1945/黄正林著.-北京:人民出版社,2006 |
| 674页:图;21cm |
| ISBN 7-01-005237-9:CNY45.00 |
| 陕甘宁边区是第二次国内革命战争时期中国共产党保留下来的唯一的根据地,1935年10月,长征北上的中国共产党人把革命的大本营安放在陕甘宁边区。此后的13年历经抗日战争和解放战争,成为中国共产党走向成熟的重要时期。 |
| ● |
| 相关链接 |
|
|
|
|
正题名:陕甘宁边区社会经济史
索取号:K269.506/47
 
预约/预借
| 序号 | 登录号 | 条形码 | 馆藏地/架位号 | 状态 | 备注 |
| 1 | 0607489 | 206074898 | 第二样本阅览室/ [索取号:K269.506/47] | 在馆 | |
| 2 | 0607490 | 206074905 | 第二借阅区/ [索取号:K269.506/47] | 在馆 | |
| 3 | 0607491 | 206074914 | 第二借阅区/ [索取号:K269.506/47] | 在馆 |